| 000 | 00801nam a22002057a 4500 | ||
|---|---|---|---|
| 999 |
_c16105 _d16105 |
||
| 003 | AR-CdUCM | ||
| 008 | 190403b ||||| |||| 00| 0 spa d | ||
| 040 |
_aMUNICIPALIDAD PROVINCIAL DEL CUSCO _cBIBLIOTECA MUNICIPAL DEL CUSCO |
||
| 082 |
_aES / 10 / _bP87 |
||
| 110 |
_aEbra EIRL. _935386 |
||
| 245 |
_aProporcionalidad, regla de tres simple y porcentaje : _bMatemática modulo 2 / |
||
| 260 |
_aSanta María de Nieva : _bEbra EIRL.. _c2007. |
||
| 300 |
_a35 páginas ; _c30 cm |
||
| 505 | _aContenido: Tablas de proporcionalidad y propiedades -- Regla de tres simple -- Porcentaje -- Neo - numeración awajun y wampis ... ... | ||
| 650 |
_aProporcionalidad. _935387 |
||
| 650 |
_aRegla de tres simple. _935388 |
||
| 650 |
_aPorcentaje. _935389 |
||
| 942 |
_2ddc _cLIBROS |
||
| 945 |
_arum _d2019-05-02 |
||